<?xml version="1.0" encoding="UTF-8"?>
<marc:record xmlns:marc="http://www.loc.gov/MARC21/slim">
   <marc:leader>00000nam a2200000 a 4500</marc:leader>
   <marc:datafield ind1=" " ind2=" " tag="653">
      <marc:subfield code="a">Reiseführer</marc:subfield>
   </marc:datafield>
   <marc:datafield ind1=" " ind2=" " tag="653">
      <marc:subfield code="a">Lüneburg</marc:subfield>
   </marc:datafield>
   <marc:datafield ind1=" " ind2=" " tag="653">
      <marc:subfield code="a">Lüneburger Heide</marc:subfield>
   </marc:datafield>
   <marc:datafield ind1=" " ind2=" " tag="653">
      <marc:subfield code="a">Wendland</marc:subfield>
   </marc:datafield>
   <marc:datafield ind1="0" ind2="0" tag="245">
      <marc:subfield code="a">Lüneburg &amp; Lüneburger Heide</marc:subfield>
   </marc:datafield>
   <marc:datafield ind1="0" ind2="0" tag="245">
      <marc:subfield code="b">mit Wendland</marc:subfield>
   </marc:datafield>
   <marc:datafield ind1=" " ind2="1" tag="264">
      <marc:subfield code="b">Michael Müller Verl.</marc:subfield>
      <marc:subfield code="c">2024</marc:subfield>
   </marc:datafield>
   <marc:datafield ind1="1" ind2=" " tag="490">
      <marc:subfield code="a">individuell reisen</marc:subfield>
   </marc:datafield>
   <marc:datafield ind1="1" ind2=" " tag="520">
      <marc:subfield code="a">Die Hansestadt Lüneburg in ihrer historischen Pracht zeichnet sich durch eine lebendige Studentenszene aus. Die geschichtsträchtigen Bauten sind auch eine beliebte Filmkulisse. Angeblich hat Lüneburg die höchste Kneipendichte Deutschlands. Mit unserem Lüneburg-Reiseführer lernen Sie alle Facetten Lüneburgs kennen.
Der Naturschutzpark »Lüneburger Heide« ist ein Paradies für Wanderer und Radfahrer. Um den Wilseder Berg und Schneverdingen liegt die größte zusammenhängende Heidelandschaft Mitteleuropas. Zur Blütezeit ein überwältigender Anblick. Der Reiseführer »Lüneburg &amp; Lüneburger Heide« zeigt Ihnen überall Plätze und Orte, die garantiert nicht jeder kennt.</marc:subfield>
   </marc:datafield>
   <marc:datafield ind1=" " ind2=" " tag="020">
      <marc:subfield code="a">9783966852890</marc:subfield>
      <marc:subfield code="9">9783966852890</marc:subfield>
   </marc:datafield>
</marc:record>
